000 00344nam a2200145Ia 4500
008 191201s2004 xx 000 0 und d
082 _a004.6
_bTAC
100 _aTanenbaum, Andrews
245 0 _aComputer Networks
250 _a4th
260 _aN.Delhi
_bPearson Education
_c2004
300 _a891
650 _aB.Tech(CSE)
942 _2ddc
_cBK
_02
999 _c952
_d952